000 00803nam a2200253Ia 4500
003 OSt
005 20220930092136.0
006 a|||||r|||| 00| 0
007 ta
008 220926b |||||||| |||| 00| 0 eng d
024 _a12432
037 _cTheses
040 _aCRL
_cCRL
_beng
041 _2eng
_aeng
100 _aAngu Gemmi
_9547954
110 _aUniversity of Delhi. Faculty of Medical Science. Department of Pediatrics
245 0 _aProtocol for submission of plan of thesis for the degree of doctor of medicine (pediatrics)
260 _c2013
650 _aMEDICINE
700 _a Virender Kumar Gu.
_9547955
700 _aUniversity of Delhi. Faculty of Medical Science. Department of Pediatrics
942 _cDIS
_2CC
999 _c883297
_d883297